| 000 | 00891nam a22002777a 4500 | ||
|---|---|---|---|
| 001 | 5530 | ||
| 003 | FISKH | ||
| 005 | 20241216154120.0 | ||
| 008 | 241216b cb ||||| |||| 00| 0 eng d | ||
| 020 | _a0553052357 | ||
| 040 |
_aFISKH _beng _cFISKH _dFISKH |
||
| 050 | _aPZ5.F855 | ||
| 082 | _a649 | ||
| 100 | _aCerf, Christopher | ||
| 245 |
_aFree to be... a family / _cby Christopher Cerf |
||
| 260 |
_aToronto : _bBantam Books ; _c1971 . |
||
| 300 |
_a176 pages : _bcolor illustrations ; _c29 cm . |
||
| 490 | _aFree to be.... | ||
| 505 | _aU | ||
| 520 | _aA collection of stories, poems, and songs about different types of families and family relationships. | ||
| 521 | 8 |
_a820
_bLexile estimate |
|
| 521 | 8 |
_aU
_bRaz-Plus |
|
| 650 |
_aFamily life- Literacy collections _vChildren's literature |
||
| 700 |
_aThomas, Marlo _eExecutive editor |
||
| 942 |
_2ddc _cBK _n0 |
||
| 999 |
_c5530 _d5530 |
||